000 00644nam a2200229 i 4500
001 C2-0295184
003 PPAK
005 20180728030813.0
008 090323s2008 gw a|||| ||||| | eng d
020 _a9783825813833
040 _aPPAK
_beng
_cPPAK
_erda
082 0 4 _a959.1
_223
090 0 0 _a959.1
_bSTR
_dG
245 0 4 _aThe straits of Malacca :
_bknowledge and diversity
264 1 _aBerlin :
_bLit Verlag ,
_c2008
300 _axii, 203 pages :
_billustrations ;
_c22 cm
336 _2rdacontent
_atext
337 _2rdamedia
_aunmediated
338 _2rdacarrier
_avolume
650 1 0 _aMalacca, Strait of Commerce
942 _ddc
_cB
999 _c99760
_d99760